000 01585cam0 2200361 ib4500
001 BY-MI0000-br2147965078
005 20251027105422.0
010 ^a978-5-353-08303-0
^bв переплете
100 ^a20251014d2025 c y0rusy50 ca
101 0 ^arus
102 ^aRU
105 ^aa z 000oy
109 ^ama
200 1 ^aАля, Кляксич и буква А
^eсказки
^e[для младшего школьного возраста]
^fИ. П. Токмакова
^gрисунки В. Чижикова
210 ^aМосква
^cРОСМЭН
^d2025
215 ^a140, [3] с.
^cцв. ил.
^d21 см
225 1 ^aСерия "Внеклассное чтение"
333 ^a0+
345 ^98000 экз.
606 ^aРУССКАЯ ЛИТЕРАТУРА
^3BY-NLB-ar28702
^2DVNLB
606 ^aХУДОЖЕСТВЕННАЯ ЛИТЕРАТУРА
^3BY-NLB-ar37179
^2DVNLB
608 ^aЛИТЕРАТУРНАЯ СКАЗКА
^3BY-NLB-ar16440
^2BYGNR
608 ^aДЕТСКАЯ И ЮНОШЕСКАЯ ЛИТЕРАТУРА (художеств. произведение)
^3BY-NLB-ar9019
^2BYGNR
686 ^a84(2Рос)6-4
^2rubbk
690 ^a1
^2Base
^9BY-MI0000
^xRSEK
700 1 ^aТокмакова
^bИ. П.
^3BY-NLB-ar2440823
702 1 ^aЧижиков
^bВ. А.
^gВиктор Александрович
^cхудожник
^f1935—2020
^3BY-SEK-1404889
^4040
801 0 ^aBY
^bBY-MI0000
^c20251014
^gRCR
035 ^a(BY-MI0000)BY-MI0000-br2147965078
899 0 ^aBY-MI0000
^iТ51
^h84(2Рос)6